Statystyki dla Kraje najbliżej Cypru według pierwszych 2 liter

Kliknij tutaj aby rozwiązać quiz!

Ogólne statystyki

  • Ten quiz został rozwiązany 126 razy
  • Średni wynik to 12 z 20

Statystyki odpowiedzi

kmkraj% Poprawnych
76Turcja
95%
264Grecja
93%
887Gruzja
93%
1070Macedonia Północna
72%
352Egipt
70%
1158Albania
68%
228Izrael
64%
170Liban
63%
756Libia
63%
471Arabia Saudyjska
62%
935Armenia
62%
846Bułgaria
59%
103Syria
55%
463Irak
53%
893Iran
53%
291Jordania
44%
1079Azerbejdżan
41%
999Rumunia
40%
970Rosja
29%
288Palestyna
11%

Rozkład punktacji

Percentyl według liczby udzielonych odpowiedzi

Procent ludzi z każdym wynikiem

Twoja historia wyników

Nie rozwiązałeś tego quizu